00257nam a2200097Ia 450000100070000000500170000700800410002424500540006526000330011930000070015258758820250717113818.0250717s9999 xx 000 0 und d 0aW-1 KİRPİNİN DOĞUM GÜNÜcERIKA BARTOS bYAPI KREDİ YAYINLARIc2020 b19